000 00363nam a2200145Ia 4500
008 230711s9999||||xx |||||||||||||| ||und||
041 _aENG
082 _a620
_bRA-T
100 _aRao,Y VC
245 0 _aTheory and problem of thermodynamics
250 _a1st
260 _c1994
_aNew Delhi
_bWiley Eastern Limited
650 _aMechanical Engineering
942 _cBK
999 _c2685
_d2685